| 000 | 00862cam a2200289 i 4500 | ||
|---|---|---|---|
| 001 | 317057 | ||
| 003 | ARRUPE | ||
| 005 | 20221121100316.0 | ||
| 008 | 750708s1975 nyu b 000 0 eng | ||
| 010 | _a 74021108 | ||
| 020 |
_a0883441837 : _c$12.95 |
||
| 028 | _bArrupe | ||
| 040 |
_aDLC _cDLC _dDLC |
||
| 041 | 1 | _aengfre | |
| 050 | 0 | 0 |
_aBD450 _b.B2913 1975 |
| 082 | 0 | 0 | _a128 |
| 100 | 1 |
_aBarbotin, Edmond. _951635 |
|
| 240 | 1 | 0 |
_aHumanité de l'homme. _lEnglish |
| 245 | 1 | 4 |
_aThe humanity of man / _cEdmond Barbotin ; translated by Matthew J. O'Connell. |
| 260 |
_aMaryknoll, N.Y. : _bOrbis Books, _c[1975]. |
||
| 300 |
_avi, 345 p. ; _c22 cm. |
||
| 500 | _aTranslation of Humanité de l'homme. | ||
| 504 | _aBibliography: p. 343-345. | ||
| 650 | 0 | _aHuman beings. | |
| 906 |
_a7 _bcbc _corignew _d2 _eocip _f19 _gy-gencatlg |
||
| 942 |
_2lcc _cMONOGRAPH |
||
| 999 |
_c131541 _d131541 |
||